Elmina Valley 2 @ City of Elmina

Bibliographic Details
Main Authors: Anil Fazila Ismail (Author), Mohamad Syahril Bidi (Author), Mohd Azhar Mansor (Author), Seow Zhu Xia (Author), Tajul Rijal Anuar (Author), Ting Phin Jeck (Author), Zahayati Jamaludin (Author)
Format: Book
Language:English
Subjects:

MARC

LEADER 00000cam a2200000 7i4500
001 0000028887
005 20251128.0
008 200811 my a eng
040 |a INS   |b eng   |c INS   |e rda 
090 0 0 |a IP59 
100 1 |a Anil Fazila Ismail, ,   |e author. 
245 1 0 |a Elmina Valley 2 @ City of Elmina   |c Anil Fazila Ismail, Mohamad Syahril Bidi, Mohd Azhar Mansor, Seow Zhu Xia [and three others] 
264 0 |c 2020 
300 |a 1 volume ( various pagings ) :   |b illustration, colour, picture ;   |c 30 cm. 
336 |a text  |2 rdacontent 
337 |a unmediated  |2 rdamedia 
338 |a volume  |2 rdacarrier 
500 |a Integrated Project 
500 |a Laporan disediakan bagi memenuhi keperluan untuk dianugerahkan Sijil Agensi Harta Tanah dari Institut Penilaian Negara 
650 0 |a Housing   |x Marketing 
650 0 |a Real estate agents 
700 1 |a Mohamad Syahril Bidi, ,   |e author. 
700 1 |a Mohd Azhar Mansor, ,   |e author. 
700 1 |a Seow Zhu Xia, ,   |e author. 
700 1 |a Tajul Rijal Anuar, ,   |e author. 
700 1 |a Ting Phin Jeck, ,   |e author. 
700 1 |a Zahayati Jamaludin, ,   |e author. 
999 |a IP00000065   |b BOOK   |c Reference   |e Default branch